000 02680nam a2200277 i 4500
001 227465
003 ES-MaBCM
005 20250219140736.0
008 240627s2024 sp ||||| |||| 00| 0 spa d
017 _aGr.635-2024
020 _a978-84-1369-800-7
035 _a(OCoLC)1436757150
040 _cES-MaBCM
100 1 _aPaz-Ares, Cándido
_935764
245 1 4 _aLas falacias de la amnistía
_cCándido Paz-Ares
260 _aAlbolote, Granada :
_bEditorial ,
_c2024
300 _a276 p.
_c ; 22 cm
490 0 _aLos libros del almacén
504 _aBibliografía: p. 253-276
520 _aLa idea que preside el estudio es muy simple. La amnistía es una institución que tiene cabida en la Constitución, pero la que actualmente se tramita en relación al procés no encaja en la horma. En opinión del autor, tanto la justificación que esgrime como la representación que se arroga son falaces. Lo es desde luego la justificación esgrimida. Ninguno de los argumentos a los que apela goza de sustento mínimamente firme. Los que tienen credibilidad fáctica -así sucede, por ejemplo, con el de la gobernación o el de la desjudicialización- no tienen fuerza normativa; y viceversa: los que tienen fuerza normativa -como ocurre señaladamente con el de la reconciliación- carecen de credibilidad empírica. Esta circunstancia condena la amnistía al fracaso en el juicio constitucional de proporcionalidad. También es falaz la representación arrogada. La falacia proviene ahora del carácter ficticio o irregular de la mayoría parlamentaria sobre la que se hace descansar. Nacida con una tara (la vinculación causal de gracia e investidura), el proceso de deliberación a través del cual se acaba aprobando la medida adolece de falta de autenticidad, de falta de imparcialidad y de falta confiabilidad. Los vicios en cuestión, a la vez que despojan a la ley de su natural presunción de constitucionalidad, determinan en la actuación del legislador una sospecha más que fundada de desviación de poder y, por tanto, de arbitrariedad. La amnistía queda así abocada al fracaso también en el juicio constitucional de razonabilidad. Las objeciones de falta de proporcionalidad y de falta de razonabilidad o arbitrariedad son analíticamente distintas, pero se hallan operativamente entrelazadas. El enlace o trenzado las refuerza mutuamente haciendo inevitable, en el pensamiento del autor, el veredicto de inconstitucionalidad de la Ley de Amnistía en el recurso que a buen seguro se promoverá.
650 7 _957530
_aAmnistía
650 7 _958078
_aConstitucionalidad de las leyes
651 4 _9115342
_aEspaña
942 _cBK
_2udc
999 _c227465
_d227465